Statistics for Countries With No Letter Past R Alphabetically In Their Name

Click here to take the quiz!

General Stats

  • This quiz has been taken 39 times
  • The average score is 33 of 47

Answer Stats

Answer% Correct
Canada
88%
Iceland
88%
Chile
84%
Fiji
84%
India
84%
Japan
84%
Albania
81%
China
81%
Finland
81%
Algeria
78%
Benin
78%
Mali
78%
Angola
75%
Armenia
75%
Chad
75%
France
75%
Ireland
75%
Panama
75%
Poland
75%
Cambodia
72%
Jamaica
72%
Lebanon
72%
Morocco
72%
Oman
72%
Denmark
69%
Iran
69%
Monaco
69%
Gabon
66%
Greece
66%
Namibia
66%
Niger
66%
Andorra
63%
Colombia
63%
Dominica
63%
Ghana
63%
Grenada
63%
Liberia
63%
Nigeria
63%
Romania
63%
Mongolia
59%
Nepal
59%
Iraq
56%
Cameroon
53%
Jordan
50%
Bahrain
47%
Georgia
47%
Macedonia
47%

Score Distribution

Percentile by Number Answered

Percent of People with Each Score

Your Score History

You have not taken this quiz